00000000nam 2200000za 4500
0019.662741
003CaOODSP
00520230426112314
007ta
008150407|2001||||xxc|||||     f|0| 0 eng d
020 |a0-662-65692-X
040 |aCaOODSP|beng
041 |aeng
041 |afre
043 |an-cn---
0861 |aSF31-29/2001
1101 |aCanada. |bOffice of the Commissioner of Official Languages.
24510|aNational report on service to the public in English and French : |btime for a change in culture / |cby Sylvie Mattar and Michel Gratton.
260 |aOttawa - Ontario : |bOffice of the Commissioner of Official Languages |c2001.
300 |aEnglish text, iii, 32p. ; |c28 cm.
546 |aBilingual
563 |aSoftcover
590 |a01-18|b2001-05-04
69007|aBilingual services|2gcpds
69007|aOfficial languages|2gcpds
69007|aLinguistic duality|2gcpds
7201 |aMattar, Sylvie
7201 |aGratton, Michel
7760#|tNational report on service to the public in English and French : |w(CaOODSP)9.921974
792 |tBilan national des services au public en français et en anglais : |efre|w(CaOODSP)9.662742